000 00373nam a2200157Ia 4500
008 230917s9999||||xx |||||||||||||| ||und||
040 _e77062
_aMAIN
041 _aEnglish
082 _a346.022 K141L
100 _aKapoor, S K
245 0 _aLaw of contract
250 _a6th ed.
260 _aAllahabad
_bCentral Law Agency
_c1994
300 _aiii, 400 p.
942 _cBK
999 _c83656
_d83656